[Event "Central-SRB chT 2018"]
[Site "Kragujevac"]
[Date "2018.09.18"]
[Round "6"]
[White "Nestorovic, Nikola"]
[Black "Radovanovic, Mihajlo"]
[Result "1/2-1/2"]
[WhiteElo "2453"]
[BlackElo "2427"]
[Annotator "TA"]
[PlyCount "93"]
[EventDate "2018.09.14"]
[EventType "team-tourn"]
[EventCountry "SRB"]
[SourceTitle "playchess.com"]
[Source "ChessBase"]
[SourceQuality "1"]

{[%evp 26,93,0,0,59,69,103,96,104,87,97,90,77,75,88,83,72,76,64,64,67,70,102,102,97,95,107,101,106,90,104,104,100,98,96,0,14,-12,-5,-12,-22,-34,-23,-14,-23,-44,-48,-49,0,-35,-5,-19,-19,-13,0,0,0,0,13,13,13,13,41,41,41,19,41,0,0,2]} 1. e4 c5 2. Nf3 d6 3. d4 cxd4 4. Nxd4 Nf6 5. Nc3 a6 6. Be2 e5 7. Nb3 Be7 8. Be3 Be6 9. Qd3 Nbd7 10. Nd5 Bxd5 11. exd5 Rc8 12. c4 O-O 13. O-O Ne8 {B92: Sicilian Najdorf: 6 Be2} 14. Qd2 {[#] LiveBook: 13 Games} Nc5 $146 (14... f5 $11) ({Predecessor:} 14... b6 15. Rac1 a5 16. Na1 f5 17. f3 f4 18. Bf2 Bh4 19. Bd3 Bxf2+ 20. Qxf2 Nc5 21. Bc2 {0-1 (39) Georgiadis,N (2526)-Mamedyarov,S (2801) Biel 2018}) 15. Na5 $14 Qc7 {White is slightly better.} 16. f3 f5 17. b4 {[%cal Bb2b4,Bb4c5][%mdl 32]} f4 18. Bf2 e4 19. bxc5 e3 20. Bxe3 $1 fxe3 21. Qb4 Rb8 22. Rab1 {Hoping for c6.} dxc5 23. Qb6 Qxb6 24. Rxb6 {Strongly threatening Nc6!} Nd6 25. Rfb1 {Threatens to win with Nc6!} Bd8 26. Rxd6 Bxa5 27. Re6 b5 28. Rxe3 {[%cal Rc4b5]} ({Don't do} 28. Rxa6 bxc4 29. Rd1 Bc3 $11) 28... Bd2 29. Re6 {[%cal Rc4b5]} b4 30. Rxa6 (30. Bd1 $16) 30... Ra8 $11 31. Rxa8 (31. Rc6 {with more complications.} Rxa2 32. Bd3 Be3+ 33. Kh1 Rfa8 34. h4) 31... Rxa8 {[%mdl 4096] Endgame KRB-KRB} 32. Kf2 Rxa2 33. h4 Bc3 {[%mdl 1024] Black has compensation.} 34. f4 Bd4+ 35. Kf3 Ra3+ 36. Kg4 Kf7 (36... b3 {feels hotter.} 37. Bf3 b2 38. h5 Re3 39. Bd1 Bc3) 37. Bf3 b3 38. h5 b2 39. Be4 h6 40. Bg6+ Ke7 41. Re1+ Re3 (41... Kd7 {is more complex.} 42. Bf5+ Kd8 43. Re6 Bf2 44. Be4 Re3) 42. Rxe3+ Bxe3 43. Kf3 Bd4 44. g4 Kf6 45. Bf5 Bc3 46. Bb1 Bd2 47. Ke4 {Precision: White = 63%, Black = 68%.} 1/2-1/2

[Event "Central-SRB chT 2018"]
[Site "Kragujevac"]
[Date "2018.09.18"]
[Round "6"]
[White "Stankovic, Milos"]
[Black "Todorovic, Goran N"]
[Result "1/2-1/2"]
[WhiteElo "2443"]
[BlackElo "2326"]
[Annotator "TA"]
[PlyCount "24"]
[EventDate "2018.09.14"]
[EventType "team-tourn"]
[EventCountry "SRB"]
[SourceTitle "playchess.com"]
[Source "ChessBase"]
[SourceQuality "1"]

{[%evp 11,24,5,2,-51,-37,-49,-30,-64,-60,-51,-51,-63,-57,-80,-76]} 1. e4 e5 2. Nc3 Nf6 3. g3 Bb4 4. Bg2 O-O 5. Nge2 c6 6. d4 {C26: Vienna Game: 2...Nf6, sidelines} d5 {LiveBook: 6 Games} 7. dxe5 (7. Bg5 $11 exd4 8. Qxd4) 7... Nxe4 $15 8. O-O {Black is slightly better.} Nxc3 9. bxc3 Ba5 $146 ({Predecessor:} 9... Bc5 10. Nd4 f6 11. Bf4 fxe5 12. Bxe5 Bd6 13. Bxd6 Qxd6 {½-½ (41) Mamedov,R (2667)-Stopa,J (2515) Las Vegas 2014}) 10. Be3 Re8 11. Bd4 Nd7 12. f4 f6 1/2-1/2

[Event "Central-SRB chT 2018"]
[Site "Kragujevac"]
[Date "2018.09.18"]
[Round "6"]
[White "Radovanovic, Nikola"]
[Black "Irizanin, Radoje"]
[Result "1/2-1/2"]
[WhiteElo "2420"]
[BlackElo "2296"]
[Annotator "TA"]
[PlyCount "95"]
[EventDate "2018.09.14"]
[EventType "team-tourn"]
[EventCountry "SRB"]
[SourceTitle "playchess.com"]
[Source "ChessBase"]
[SourceQuality "1"]

{[%evp 12,95,21,10,49,32,32,12,24,0,0,-12,12,-6,0,0,0,-12,-14,-9,5,-3,22,27,21,23,55,9,44,46,105,102,104,113,120,131,171,159,241,249,252,188,183,162,164,162,161,154,189,98,91,41,125,78,79,79,79,2,95,91,82,18,18,7,7,7,7,7,7,7,7,0,14,14,14,7,14,7,7,7,7,0,0,0,7,0]} 1. d4 Nf6 2. c4 e6 3. Nc3 Bb4 4. g3 O-O 5. Bg2 d5 6. Nf3 c6 {E20: Nimzo-Indian: 4 g3 and 4 f3} (6... dxc4 7. O-O Nc6 8. Qa4 Nd5 9. Qc2 Be7 10. Rd1 Bd7 11. e4 Ncb4 12. Qd2 Nb6 13. Ne5 Nc6 14. Nxc6 Bxc6 15. Qc2 f5 {1-0 (62) Caruana,F (2822)-So,W (2780) Saint Louis 2018}) 7. O-O {LiveBook: 28 Games} Re8 8. Qc2 Nbd7 {White is slightly better.} 9. Rd1 b6 $146 ({Predecessor:} 9... Qe7 10. b3 e5 11. dxe5 Nxe5 12. cxd5 Bxc3 13. Qxc3 Nxd5 14. Qxe5 Qxe5 15. Nxe5 Rxe5 {1-0 (39) Thejkumar,M (2416)-Piyush,P (2020) Bhiwani 2010}) 10. Qa4 Bxc3 11. bxc3 Bb7 (11... Ne4 $5 {[%cal Re4c3]} 12. Bb2 (12. Qxc6 Ba6 $11) 12... Bb7 $11) 12. Ba3 Qc7 13. Rac1 c5 14. cxd5 exd5 15. e3 a6 16. dxc5 Nxc5 17. Qf4 Qxf4 18. gxf4 Nce4 19. c4 dxc4 20. Ne5 $1 {[%cal Re5c4]} ({Much worse is} 20. Rxc4 Nxf2 21. Kxf2 Ng4+ 22. Kg3 Nxe3 $17) 20... Rad8 (20... b5 $14) 21. Rxd8 $16 Rxd8 22. Nxc4 b5 {[#]} 23. Na5 $1 {[%cal Ra5b7]} Bd5 24. Bb4 $36 {[%mdl 2048] White is on the roll.} Be6 (24... Ba8 $16) 25. Nc6 $18 Re8 26. f3 a5 27. Nxa5 ({Resist} 27. fxe4 $6 axb4 28. Nxb4 Ng4 $16) 27... Nd5 28. a3 Nxb4 29. axb4 Nf6 30. Rc5 (30. e4 $18) 30... g6 $16 31. Rxb5 Nd5 (31... Rd8 $1 $14) 32. Kf2 Rc8 {next ...Rc2+ is good for Black.} 33. Rc5 {Threatens to win with Rxc8+.} Ra8 34. f5 (34. Bf1 $16) 34... gxf5 (34... Nxb4 $11 {remains equal.} 35. Bf1 Bxf5) 35. f4 Nxb4 36. Bxa8 (36. Rxf5 $1 $16 {aiming for Rg5+.} Nd3+ 37. Kg3) 36... Nd3+ $11 {The position is equal.} 37. Kg3 (37. Ke2 {looks sharper.} Nxc5 38. Kd2 Kf8 39. Kc3 Nd7 40. Kd4) 37... Nxc5 {[%mdl 4096] Endgame KBN-KBN} 38. Nc6 Kg7 39. Nd4 Kf6 40. Kh4 Kg6 41. Bf3 Nb3 42. Bh5+ Kf6 43. Be2 Kg6 44. Bd3 Nd2 45. Kg3 Kf6 46. Kh4 Kg6 $1 47. Kg3 Kf6 48. Kh4 {Precision: White = 45%, Black = 42%.} 1/2-1/2

[Event "Central-SRB chT 2018"]
[Site "Kragujevac"]
[Date "2018.09.18"]
[Round "6"]
[White "Djordjevic, Vuk"]
[Black "Damljanovic, Branko"]
[Result "1/2-1/2"]
[WhiteElo "2404"]
[BlackElo "2470"]
[Annotator "TA"]
[PlyCount "162"]
[EventDate "2018.09.14"]
[EventType "team-tourn"]
[EventCountry "SRB"]
[SourceTitle "playchess.com"]
[Source "ChessBase"]
[SourceQuality "1"]

{[%evp 10,162,24,8,16,18,15,13,18,10,16,16,7,11,25,-1,9,0,33,0,26,20,40,15,15,15,15,15,20,11,28,8,9,20,3,15,82,81,121,116,101,72,112,112,108,100,108,99,102,101,105,103,91,83,82,70,95,76,95,95,114,49,68,54,54,47,65,38,47,35,36,0,0,0,0,0,0,0,0,0,0,0,0,0,0,-29,8,8,6,6,6,6,5,4,4,4,4,4,205,214,180,0,76,82,145,170,168,171,379,380,358,341,637,621,539,528,781,537,507,415,439,0,0,0,0,0,0,0,0,0,0,0,0,0,0,0,0,0,0,0,0,0,0,0,0,0,0,0,0,0,0,0,0,0,0]} 1. d4 Nf6 2. Bg5 e6 {[#]} 3. e4 $1 {[%mdl 512]} h6 (3... Nxe4 4. Bxd8) 4. Bxf6 Qxf6 5. c3 d6 6. Bd3 e5 {A45: Trompowsky Attack} (6... g6 7. Ne2 Bg7 8. O-O O-O 9. f4 Qe7 10. e5 b6 11. Nd2 Bb7 12. Be4 Bxe4 13. Nxe4 Rd8 14. Qe1 {0-1 (62) Moiseenko,A (2667)-Wang,Y (2690) Riadh 2017}) 7. Ne2 g6 8. O-O Bg7 9. f4 {Strongly threatening fxe5.} Qe7 10. Nd2 Nc6 {[%cal Re5d4]} 11. Nf3 O-O 12. Qb3 a5 $146 ({Predecessor:} 12... a6 13. Rae1 Bf6 14. Kh1 {½-½ (30) Schiffer,K (2340)-Gurevich,V (2447) Germany 2007}) 13. a4 Rb8 14. h3 Bd7 15. Rae1 Kh7 16. Bb5 (16. d5 {looks sharper.} Na7 17. f5 Qd8 18. c4 c6 19. Qc2) 16... exd4 17. Nexd4 Nxd4 18. cxd4 c6 19. Bd3 Qd8 20. e5 Be6 21. Bc4 Bxc4 22. Qxc4 f5 (22... dxe5 $11 {remains equal.} 23. fxe5 Qb6) 23. Re2 d5 24. Qc2 Qe7 25. Qc3 (25. g3 {seems wilder.} Rbe8 26. Qd3 Qb4 27. Nh4 Qe7 28. Ng2) 25... Qb4 26. Qxb4 axb4 27. Ne1 Rf7 28. b3 Bf8 29. Nc2 Be7 30. Ne3 Rd8 31. Rc2 h5 32. g3 Rdf8 33. Rcf2 Rd8 34. Kg2 Kg7 35. Rd2 (35. g4 $16) 35... Rff8 $14 36. Rd3 Kf7 37. Kf3 Ke6 38. Rg1 Rh8 39. Rd2 g5 40. fxg5 Bxg5 41. Rc2 Bxe3 42. Kxe3 $11 {[%mdl 4096] Endgame KRR-KRR} Rhg8 43. Kf4 Ra8 44. Rcg2 Rg7 45. Kf3 Rc8 46. Rc1 Rcg8 47. Kf4 Rc7 (47... h4 $5 {[%cal Rg7g3]} 48. Rcg1 hxg3 49. Rxg3 Rxg3 50. Rxg3 Rh8 $16) 48. a5 Ra8 49. Ra2 h4 50. a6 bxa6 51. Rac2 Kd7 $1 52. gxh4 {[%cal Bg3h4,Bh4h5][%mdl 32]} Rh8 53. Kg5 {White wants to play h5.} Rcc8 $2 (53... Rg8+ $1 $11 {and Black is okay.} 54. Kf6 (54. Kxf5 Rg3 $11) 54... Rf8+ 55. Kg5 Rg8+ 56. Kxf5 Rg3) 54. h5 $1 $18 f4 {[#]} 55. Rf2 $2 ({Not} 55. Kxf4 Rxh5 56. Kg3 Rg8+ 57. Kh2 Rg6 $11) (55. h6 $1 $18) 55... Rcf8 {[#]} (55... Rh7 $1 $11) 56. Rcf1 $1 $16 Rhg8+ ({Black should try} 56... c5) 57. Kh4 c5 58. dxc5 Ke6 $2 (58... Re8 59. Rxf4 Rxe5) 59. Rxf4 $18 Rxf4+ 60. Rxf4 {KR-KR} a5 $2 (60... Kxe5 61. Rxb4 d4) 61. h6 Kxe5 62. Rf7 Ke6 63. Ra7 d4 64. Rxa5 Kd5 65. Rb5 $2 ({Better is} 65. Ra7 $18) 65... d3 $11 {...d2 is the strong threat.The position is equal.} 66. c6+ ({But not} 66. Rxb4 $2 d2 $19) 66... Kxc6 67. Rxb4 {Black must now prevent Rd4.} Rd8 {Threatens to win with ...d2.} 68. Rc4+ Kb5 {aiming for ...d2.} 69. Rc1 Kb4 70. Rb1 Kc3 71. b4 Kc2 72. Ra1 d2 73. Kg5 Rd5+ 74. Kf6 Rd6+ 75. Kg7 Rd7+ 76. Kg8 Rd8+ 77. Kf7 Rd7+ 78. Kf6 Rd6+ 79. Kg5 Rd5+ 80. Kg6 Rd6+ 81. Kg5 Rd5+ {Precision: White = 61%, Black = 55%.} 1/2-1/2

[Event "Central-SRB chT 2018"]
[Site "Kragujevac"]
[Date "2018.09.18"]
[Round "6"]
[White "Ristic, Nebojsa M"]
[Black "Dudukovic, Nikola"]
[Result "1/2-1/2"]
[WhiteElo "2361"]
[BlackElo "2404"]
[Annotator "TA"]
[PlyCount "27"]
[EventDate "2018.09.14"]
[EventType "team-tourn"]
[EventCountry "SRB"]
[SourceTitle "playchess.com"]
[Source "ChessBase"]
[SourceQuality "1"]

{[%evp 16,17,18,14]} 1. Nf3 Nf6 2. g3 g6 3. Bg2 Bg7 4. O-O O-O 5. d4 d5 6. Nbd2 Nbd7 7. b3 {D02: 1 d4 d5 2 Nf3 sidelines, including 2...Nf6 3 g3 and 2...Nf6 3 Bf4} b6 8. Bb2 Bb7 9. c4 {LiveBook: 4 Games} {Predecessor:} c5 $146 10. Rc1 Rc8 11. Rc2 dxc4 12. Nxc4 b5 13. Ne3 cxd4 14. Bxd4 {½-½ (28) Meier,G (2654)-Dubov,D (2661) Berlin 2015} 1/2-1/2

[Event "Central-SRB chT 2018"]
[Site "Kragujevac"]
[Date "2018.09.18"]
[Round "6"]
[White "Ristic, Nenad"]
[Black "Csonka, Balazs"]
[Result "0-1"]
[WhiteElo "2359"]
[BlackElo "2450"]
[Annotator "TA"]
[PlyCount "76"]
[EventDate "2018.09.14"]
[EventType "team-tourn"]
[EventCountry "SRB"]
[SourceTitle "playchess.com"]
[Source "ChessBase"]
[SourceQuality "1"]

{[%evp 16,76,22,0,0,-41,-42,-46,-53,-48,-41,-43,-40,-58,-66,-77,-27,-41,-40,-47,-50,-127,-95,-91,-70,-77,-57,-58,-58,-125,-113,-218,-151,-160,-37,-95,-56,-68,-66,-191,-179,-566,-240,-314,-328,-334,-302,-467,-439,-677,-662,-750,-770,-5281,-5281,-5273,-5173,-29977,-29975,-29973,-29974,-5010,-550]} 1. e4 e5 2. Nf3 Nc6 3. Bb5 a6 4. Ba4 Nf6 5. Nc3 Be7 6. O-O b5 7. Bb3 O-O 8. Re1 d6 9. h3 {LiveBook: 3 Games} Na5 {C88: Closed Ruy Lopez: Anti-Marshall Systems} 10. Nd5 (10. d3 Re8 11. Bg5 c6 12. Ne2 h6 13. Bd2 Nxb3 14. axb3 Bf8 15. Ng3 a5 16. b4 a4 {½-½ (44) Rogos,J (2533)-Enkalo,M (2341) ICCF email 2015}) 10... Nxd5 11. Bxd5 c6 {Black is slightly better.} 12. Bb3 $1 Nxb3 13. axb3 f5 14. d4 fxe4 15. Rxe4 Qe8 $146 (15... Bf5 $5 {[%cal Rf5e4]} 16. Re1 e4 $15) ({Predecessor:} 15... Bf5 16. Re1 e4 17. Nh2 {0-1 (49) Prieto,E (2050)-Pedraza,Y (2135) Medellin 2016}) 16. dxe5 Qg6 $1 {[%csl LRe4,LRh3]} 17. Re3 Bxh3 $1 {[%csl Gh3][%cal Rg6g2]} 18. Ne1 (18. Qf1 $15) 18... Bg4 $1 $17 {[%cal Rg4d1]} 19. Qd3 Qf7 20. Qf1 dxe5 {...Bc5 is the strong threat.} 21. Nd3 $1 {[%cal Rd3e5]} Bh4 $36 {[%mdl 2048] Black has some pressure.} 22. Rxe5 (22. Re4 $15 Qg6 23. Rxe5) 22... Bf5 $1 {[%cal Rf5d3]} 23. Nb4 (23. f4 $17) 23... Qg6 24. Be3 Rad8 ({Much less strong is} 24... Bxc2 25. Nxc2 Qxc2 26. Bc5 $17) (24... a5 $1 $17 {[%cal Ra5b4]} 25. Nd3 Qf6) 25. Rxa6 (25. Bc5 $15) 25... Be4 {aiming for ...Rd1!} 26. Nd3 $1 h6 27. b4 {[#]} ({But not} 27. Nf4 $2 Rxf4 $1 {[%mdl 512]} 28. Bxf4 Rd1 $3 $19 {[%mdl 512]}) (27. Ra7 $1 $15) 27... Bg3 $1 {[%cal Re4d3][%mdl 512]} 28. Rc5 $2 (28. f4 {is more resistant.}) (28. fxg3 Rxf1+) 28... Bd6 (28... Qg4 $142 {Threatens to win with ...Qh4.} 29. Rcxc6 Qh4 30. Rxh6 gxh6 31. Rxh6 {[#]} Rxf2 $1 {[%mdl 512]} 32. Rxh4 Rxf1+ 33. Kxf1 Bxh4) 29. Ra7 Bxc5 30. Bxc5 Rf5 {And now ...Bxg2! would win.} ({Not} 30... Bxd3 31. cxd3 Rfe8 32. Ra3 $19) 31. Be7 (31. Be3 {was called for.}) 31... Re8 $19 32. f4 (32. Bh4 $142 Qg4 33. Be7) 32... Qg3 33. Qe2 Bxd3 34. cxd3 Qxf4 35. Qe6+ Rf7 36. Qb3 Rexe7 37. Rxe7 Qf2+ 38. Kh1 Qh4+ {Precision: White = 19%, Black = 58%.} 0-1

[Event "Central-SRB chT 2018"]
[Site "Kragujevac"]
[Date "2018.09.18"]
[Round "6"]
[White "Novoselski, Zoran"]
[Black "Ivanovic, Zoran B"]
[Result "1/2-1/2"]
[WhiteElo "2356"]
[BlackElo "2001"]
[Annotator "TA"]
[PlyCount "84"]
[EventDate "2018.09.14"]
[EventType "team-tourn"]
[EventCountry "SRB"]
[SourceTitle "playchess.com"]
[Source "ChessBase"]
[SourceQuality "1"]

{[%evp 10,84,-4,-10,0,-17,9,10,51,47,43,2,10,0,14,21,38,46,40,11,62,-15,0,0,0,0,4,-2,9,-34,-30,-34,-27,-10,-11,-11,-12,-100,-78,-151,-92,-148,-176,-161,-167,-144,-77,-85,-72,-64,-67,-75,-28,-40,-42,-33,0,0,0,0,0,-45,-22,-25,0,0,0,0,0,0,0,0,0,0,0,0,0]} 1. e4 {[%cal Be2e4,Be4e5][%mdl 32]} Nf6 2. e5 Nd5 3. d4 d6 4. Bc4 c6 5. Qf3 dxe5 6. dxe5 {LiveBook: 3 Games. B03: Alekhine's Defence: Four Pawns Attack} g6 7. Qg3 $146 ({Predecessor:} 7. Nc3 Be6 8. Nxd5 cxd5 9. Bb3 Bg7 10. Bf4 Qa5+ 11. c3 Nc6 12. Rd1 O-O 13. Qg3 {0-1 (41) Airapetov,G (2181)-Altshul,R (2277) St Petersburg 2005}) 7... Bg7 (7... Be6 {is more complex.} 8. Bb3 a5 9. c3 Bf5 10. Nf3 a4) 8. Nf3 Qc7 (8... b5 {feels hotter.} 9. Bb3 O-O 10. O-O a5 11. a4 b4) 9. O-O O-O 10. Bb3 a5 {[%cal Ba7a5,Ba5a4][%mdl 32]} 11. a3 a4 12. Ba2 Bf5 13. c4 Nb6 14. Bf4 Qc8 (14... e6 $11) 15. Nd4 (15. Nc3 $14) 15... c5 $36 {[%mdl 2048] Black is pushing.} 16. Nxf5 Qxf5 17. Nc3 Nc6 {[%cal Rc6e5,Bb8c6,Bc6d4,Bd4e2][%mdl 32]} 18. Rae1 Nd4 19. Nd5 Nxd5 20. cxd5 Qc2 21. Qc3 Ne2+ 22. Rxe2 $1 Qxe2 23. f3 (23. Re1 $11 Qb5 24. Re4) 23... Qb5 (23... Qa6 {with more complications.} 24. Be3 Rac8 25. f4 c4 26. Bb1 Rfd8) 24. Bg5 ({Better is} 24. Bc4 Qd7 25. Qd3) 24... Rfe8 (24... Qd7 $142 25. Bf4 Rfc8) 25. f4 {[#]} ({White should play} 25. Bh4) 25... c4 $1 $17 26. Qxc4 Qxc4 ({Resist} 26... Qxb2 27. d6 $15) 27. Bxc4 {Black should prevent Bb5.} h6 (27... Rec8 $142 28. Bd3 Ra5) 28. Bh4 Rec8 29. Bd3 {[#]} g5 $1 {[%mdl 512]} 30. fxg5 hxg5 31. Bxg5 Bxe5 {Hoping for ...Bd4+.} 32. Bxe7 Bxb2 33. Rf3 f6 34. d6 {And now d7 would win.} Kf7 35. Be4 Bd4+ 36. Kf1 Rc3 37. Bd5+ {The position is equal.} Ke8 38. Bxb7 Rxf3+ 39. Bxf3 Rb8 40. Bc6+ Kf7 41. Bd5+ Ke8 42. Bc6+ Kf7 {Precision: White = 55%, Black = 42%.} 1/2-1/2

[Event "Central-SRB chT 2018"]
[Site "Kragujevac"]
[Date "2018.09.18"]
[Round "6"]
[White "Nestorovic, Lazar"]
[Black "Mijailovic, Zoran"]
[Result "1/2-1/2"]
[WhiteElo "2353"]
[BlackElo "2400"]
[Annotator "TA"]
[PlyCount "109"]
[EventDate "2018.09.14"]
[EventType "team-tourn"]
[EventCountry "SRB"]
[SourceTitle "playchess.com"]
[Source "ChessBase"]
[SourceQuality "1"]

{[%evp 16,109,-18,-31,13,10,20,-35,50,43,79,69,87,87,112,109,100,75,82,0,0,0,0,-1,12,0,22,22,103,108,103,99,151,144,130,97,91,97,105,89,402,0,0,0,1,-7,-8,-798,-793,-717,-180,-29992,0,0,0,0,0,0,116,106,125,0,0,0,0,0,0,0,17,0,109,17,18,0,0,0,0,0,0,0,0,0,0,0,0,0,0,0,0,0,0,0,0,0,0,0]} 1. e4 e5 2. Nf3 Nf6 3. Nxe5 d6 4. Nc4 Nxe4 5. Qe2 Qe7 6. Ne3 Nf6 7. b3 {C42: Petroff Defence: 3 Nxe5 and unusual White 3rd moves} Nc6 8. Bb2 Be6 9. g3 {LiveBook: 4 Games} Qd7 $146 ({Predecessor:} 9... d5 10. Bg2 O-O-O 11. d4 h5 12. Nd2 g6 13. O-O-O Bh6 14. Rhe1 Qb4 {0-1 (41) Berg,E (2610)-Nielsen,P (2680) Helsingor 2009}) 10. Bg2 Be7 11. c4 (11. O-O $11) 11... O-O (11... d5 $1 $15 12. cxd5 Nxd5) 12. Nc3 $14 Nd4 13. Qd3 c5 14. O-O Rfe8 15. f4 {f5 is the strong threat.} g6 16. Ne2 Nf5 17. Nd5 (17. Rae1 $16) 17... Bxd5 $1 $11 18. cxd5 h5 19. h3 {[%cal Bh2h3,Bh3g4,Bg4g5][%mdl 32]} Qd8 20. Bf3 Bf8 21. g4 $36 {[%mdl 2048] White is more active.} hxg4 (21... Nh4 $11) 22. hxg4 $16 Nh4 {[#]} 23. g5 $1 {[%cal Rg5f6]} Nxf3+ 24. Rxf3 ({Much less strong is} 24. Qxf3 $6 Nh5 $11) 24... Nh5 25. Ng3 {Black must now prevent Nxh5.} Bg7 26. Bxg7 Nxg7 27. Raf1 Qd7 $2 {[%mdl 8192]} (27... Rc8 $16 {is a better chance.}) 28. Ne4 $2 (28. f5 $18) 28... Rxe4 $1 $11 29. Qxe4 {With the idea Re3.} Qg4+ 30. Kf2 Re8 31. Qa4 $2 {[%mdl 8192]} (31. Qd3 $11) 31... Qh4+ $19 32. Rg3 c4 $2 (32... Re7 33. Qc4 Nh5) 33. Qd7 $2 {[#]} (33. Qxc4 $19 Nh5 34. Rfg1) 33... Qh2+ $2 (33... Qxf4+ {mates} 34. Kg1 Qxg3+ 35. Kh1 Re2 36. Qxf7+ Kh7 37. Rf2 Rxf2 38. Qxf2 Qxf2 39. b4 Nf5 40. b5 Ng3#) 34. Rg2 $11 Qxf4+ 35. Kg1 Qd4+ 36. Rgf2 Re4 (36... Rf8 $1 $11 {keeps the balance.}) 37. Qxf7+ $16 Kh7 38. Qf3 (38. Qxb7 Rg4+ 39. Kh2 Rxg5 $17) (38. bxc4 $16 a6 39. Kg2 (39. Qxb7 $2 Rg4+ 40. Kh2 Qe5+ 41. Kh1 Qe4+ 42. Rf3 Rg3 $19) 39... Rg4+ 40. Kh1) 38... Nf5 $11 39. Kh1 cxb3 40. Rh2+ Kg7 41. Qxb3 b6 42. Rh3 {Strongly threatening Qc3.} ({Much worse is} 42. Qc3 Qxc3 43. dxc3 Ng3+ 44. Kg1 Nxf1 $17) 42... Qe5 (42... Rh4 $11 43. Qf3 Rxh3+ 44. Qxh3 Qxd5+ 45. Qf3 Qxd2) 43. Qf3 ({Better is} 43. Qc3 $16) 43... Re1 {The position is equal.} 44. Rxe1 Qxe1+ {[%mdl 4096] Endgame KQR-KQN} 45. Kh2 {Hoping for Qc3+.} Qxd2+ 46. Qg2 Qf4+ 47. Kh1 Nh4 48. Qg3 Qf1+ 49. Kh2 Qe2+ 50. Kg1 {And now Qc3+ would win.} Qd1+ 51. Kf2 Qc2+ 52. Kf1 Qb1+ 53. Ke2 Qc2+ 54. Kf1 Qb1+ 55. Ke2 {Precision: White = 44%, Black = 40%.} 1/2-1/2

[Event "Central-SRB chT 2018"]
[Site "Kragujevac"]
[Date "2018.09.18"]
[Round "6"]
[White "Radovic, Luka"]
[Black "Mirkovic, Stevan"]
[Result "1-0"]
[WhiteElo "2342"]
[BlackElo "2307"]
[Annotator "TA"]
[PlyCount "84"]
[EventDate "2018.09.14"]
[EventType "team-tourn"]
[EventCountry "SRB"]
[SourceTitle "playchess.com"]
[Source "ChessBase"]
[SourceQuality "1"]

{[%evp 20,84,19,16,9,11,22,0,0,0,0,-12,0,0,0,0,-4,-21,0,0,0,0,0,0,0,0,4,-6,0,0,0,-1,0,-16,10,-5,64,0,85,85,85,88,96,95,215,355,353,328,278,266,300,58,72,66,62,-227,40,41,29959,29959,7238,7033,6308,6308,6103,6103,29994]} 1. Nf3 Nf6 2. c4 g6 3. g3 b6 4. Bg2 Bb7 5. b3 Bg7 6. Bb2 O-O 7. O-O c5 8. e3 Na6 9. Nc3 e6 {A30: Englische Eröffnung (Symmetrische Variante)} (9... d5 10. Nxd5 Nxd5 11. Bxg7 Kxg7 12. cxd5 Bxd5 13. d4 e6 14. Qe2 Bb7 15. Rfd1 Qe7 16. Ne5 Bxg2 17. Kxg2 Qb7+ {½-½ (73) Rozum,I (2585)-Gordievsky,D (2555) St Petersburg 2016}) 10. d4 d5 11. Qe2 {LiveBook: 3 Partien} dxc4 {Die Stellung ist ausgeglichen.} 12. bxc4 Ne4 $146 ({Vorgänger:} 12... Qe7 13. a4 Nb4 14. a5 Bc6 15. Ne5 Bxg2 16. Kxg2 Qb7+ 17. Qf3 Qxf3+ 18. Kxf3 {½-½ (44) Van Beek,L (2326)-Gustafsson,J (2436) Dieren 1999}) 13. Rfd1 Nxc3 14. Bxc3 Qe7 15. Qb2 cxd4 16. Bxd4 f6 17. a4 e5 18. Bc3 Bc6 19. Nd2 Bxg2 20. Kxg2 Rfd8 21. a5 Qb7+ 22. Kg1 Nc5 23. Rab1 Rab8 24. axb6 axb6 25. Qc2 Qc6 26. Bb4 Nd3 27. Rb3 Qa4 (27... Nxb4 $11 28. Rxb4 Bf8) 28. Qb1 (28. Be7 $14 Rd7 29. Ne4) 28... Rd7 (28... Nxb4 $11 29. Rxb4 Qc6) 29. Ne4 $16 Nxb4 30. Rxd7 Qxd7 31. Rxb4 Qc6 {[#]} (31... f5 $16 {war nötig.}) 32. c5 $1 $18 {[%cal Rb4b6][%mdl 512]} b5 (32... bxc5 33. Qa2+) 33. Qb3+ Kh8 34. Nd6 {Weiss will mit Sf7+ Matt setzen.} Bf8 {[#]} 35. Qe6 $2 (35. Qf7 $1 $18 {[%cal Rf7f6]} Qxc5 36. Rh4 (36. Qxf6+ Bg7 $14) 36... Qc1+ 37. Kg2 Qc6+ 38. e4) 35... Qxc5 $14 36. Qxf6+ Bg7 37. Nf7+ Kg8 38. Qe6 $1 $36 {[%mdl 2048] Droht Matt per Sh6+. Weiss drückt.} Qf8 $2 {[%mdl 8192]} ({Und nicht} 38... Qxb4 39. Nh6+ Kh8 {[#]} 40. Qg8+ $1 {[%mdl 512]} Rxg8 41. Nf7#) (38... Qc1+ $14 39. Kg2 Qc8 40. Qxc8+ Rxc8) 39. Nxe5+ Kh8 40. Nf7+ {Weiß steht klar auf Gewinn.} Kg8 41. Ng5+ Kh8 42. Rh4 {[%csl Gg5][%cal Rh4h7]} h6 {Precision: Weiß = 66%, Schwarz = 47%.} 1-0

[Event "Central-SRB chT 2018"]
[Site "Kragujevac"]
[Date "2018.09.18"]
[Round "6"]
[White "Nestorovic, Dejan"]
[Black "Rajkovic, Dusan"]
[Result "1/2-1/2"]
[WhiteElo "2340"]
[BlackElo "2322"]
[Annotator "TA"]
[PlyCount "28"]
[EventDate "2018.09.14"]
[EventType "team-tourn"]
[EventCountry "SRB"]
[SourceTitle "playchess.com"]
[Source "ChessBase"]
[SourceQuality "1"]

{[%evp 19,26,30,21,20,20,13,7,0,10]} 1. d4 Nf6 2. c4 e6 3. Nc3 Bb4 4. Qc2 c5 5. dxc5 Qc7 6. a3 Bxc5 7. Nf3 a6 {E38: Nimzo-Indian: Classical: 4...c5} 8. e3 (8. Bg5 Be7 9. e3 b6 10. Be2 Bb7 11. O-O d6 12. Rfd1 Nbd7 13. Rac1 O-O 14. Qb1 Rac8 15. h3 Qb8 16. Bf4 h6 17. Bg3 {1-0 (68) Gareyev,T (2619)-Kamsky,G (2638) Greensboro 2016}) 8... b6 9. b4 Be7 10. Bb2 Bb7 {LiveBook: 4 Games} 11. Rc1 {The position is equal.} d6 12. Bd3 Nbd7 13. Ne4 Rc8 {Predecessor:} 14. O-O $146 h6 {1-0 (39) Wiley,T (2248)-Florea,D (2303) Olomouc 2002} 1/2-1/2